Czy znasz kraje na litere S (łącznie z np Szkocja) - Statystyki

Ogólne statystyki
  • Ten quiz został rozwiązany 162 razy
  • Średni wynik to 12 z 25
Statystyki odpowiedzi
Kraj % Poprawnych
Szkocja
92%
Szwecja
89%
Szwajcaria
77%
Słowacja
75%
Słowenia
73%
Serbia
61%
Senegal
55%
San Marino
53%
Sudan
51%
Somalia
49%
Salwador
47%
Samoa
47%
Surinam
47%
Stany Zjednoczone
45%
Seszele
42%
Sri Lanka
42%
Sudan Południowy
41%
Singapur
39%
Syria
38%
Saint Lucia
34%
Saint Kitts i Nevis
31%
Saint Vincent i Grenadyny
31%
Sierra Leone
29%
Sahara Zachodnia
8%
Somaliland
4%
Nie znaleziono quizów pasujących do podanych kryteriów
Rozkład punktacji
Procent ludzi z każdym wynikiem
Percentyl według liczby udzielonych odpowiedzi
Twoja historia wyników
Nie rozwiązałeś tego quizu